<?xml version="1.0" encoding="UTF-8"?>
<record
    xmlns:xsi="http://www.w3.org/2001/XMLSchema-instance"
    xsi:schemaLocation="http://www.loc.gov/MARC21/slim http://www.loc.gov/standards/marcxml/schema/MARC21slim.xsd"
    xmlns="http://www.loc.gov/MARC21/slim">

  <leader>01344nam a2200265 a 4500</leader>
  <controlfield tag="001">BRCA_9035</controlfield>
  <controlfield tag="005">20190320210512.0</controlfield>
  <controlfield tag="008">160817s1767----sp-#######---#000-0#spa-#</controlfield>
  <datafield tag="041" ind1=" " ind2=" ">
    <subfield code="a">spa</subfield>
  </datafield>
  <datafield tag="044" ind1=" " ind2=" ">
    <subfield code="a">sp</subfield>
  </datafield>
  <datafield tag="084" ind1=" " ind2=" ">
    <subfield code="a">LE1</subfield>
    <subfield code="b">.B68 1767</subfield>
  </datafield>
  <datafield tag="100" ind1="1" ind2=" ">
    <subfield code="a">Bossuet, Jacques-Benigne</subfield>
    <subfield code="d">1627 - 1704</subfield>
    <subfield code="9">22321</subfield>
  </datafield>
  <datafield tag="245" ind1="1" ind2="0">
    <subfield code="a">Discurso sobre la historia universal, para explicar la continuaci&#xF3;n perpetua de la religi&#xF3;n, y las varias mutaciones de los Imperios</subfield>
    <subfield code="b">primera parte desde el principio de el mundo hasta el a&#xF1;o de ochocientos de Nuestro Salvador, en se establecio el Imperio de Carlo Magno</subfield>
    <subfield code="c">obra inmortal escrita en Frances por el ilustrissimo se&#xF1;or Jacobo Benigno Bossuet; y traducida al idioma espa&#xF1;ol por Don Andres de Salcedo.</subfield>
  </datafield>
  <datafield tag="260" ind1=" " ind2=" ">
    <subfield code="a">Madrid</subfield>
    <subfield code="b">por Andres Ortega</subfield>
    <subfield code="c">1767</subfield>
  </datafield>
  <datafield tag="300" ind1=" " ind2=" ">
    <subfield code="a">[22], 371 p. (t.1)</subfield>
    <subfield code="c">21 x 15 cm</subfield>
  </datafield>
  <datafield tag="500" ind1=" " ind2=" ">
    <subfield code="a">En portada: Con un &#xED;ndice copioso de las cosas mas notables</subfield>
  </datafield>
  <datafield tag="500" ind1=" " ind2=" ">
    <subfield code="a">En portada: Dedicada al pr&#xED;ncipe nuestro se&#xF1;or</subfield>
  </datafield>
  <datafield tag="500" ind1=" " ind2=" ">
    <subfield code="a">En portada: Revista, y cotejada con el original franc&#xE9;s</subfield>
  </datafield>
  <datafield tag="500" ind1=" " ind2=" ">
    <subfield code="a">Con las licencias necesarias</subfield>
  </datafield>
  <datafield tag="500" ind1=" " ind2=" ">
    <subfield code="a">Estado f&#xED;sico: presenta encuadernaci&#xF3;n en pergamino con cintas rotas y lomo semi desprendido</subfield>
  </datafield>
  <datafield tag="650" ind1="1" ind2="4">
    <subfield code="a">Historia universal</subfield>
    <subfield code="y">Obras anteriores a 1800</subfield>
    <subfield code="9">22223</subfield>
  </datafield>
  <datafield tag="700" ind1="1" ind2=" ">
    <subfield code="a">Salcedo, Andres de</subfield>
    <subfield code="e">tr.</subfield>
    <subfield code="9">22405</subfield>
  </datafield>
  <datafield tag="902" ind1=" " ind2=" ">
    <subfield code="a">CFM</subfield>
  </datafield>
  <datafield tag="942" ind1=" " ind2=" ">
    <subfield code="2">lcc</subfield>
    <subfield code="c">B</subfield>
  </datafield>
  <datafield tag="999" ind1=" " ind2=" ">
    <subfield code="c">8685</subfield>
    <subfield code="d">8685</subfield>
  </datafield>
  <datafield tag="952" ind1=" " ind2=" ">
    <subfield code="0">0</subfield>
    <subfield code="1">0</subfield>
    <subfield code="4">0</subfield>
    <subfield code="7">0</subfield>
    <subfield code="a">BRCA</subfield>
    <subfield code="b">BRCA</subfield>
    <subfield code="d">2017-08-16</subfield>
    <subfield code="l">0</subfield>
    <subfield code="o">LE1 .B68 1767</subfield>
    <subfield code="p">CFM00357</subfield>
    <subfield code="r">2019-03-22 00:00:00</subfield>
    <subfield code="w">2019-03-22</subfield>
    <subfield code="y">B</subfield>
  </datafield>
</record>
